000
00512nam a22001217a 4500
008
110705t xxu||||| |||| 00| 0 eng d
010
_a
CACF74
245
_a
Court of Appeal Civil Reference No. 10 OF 2000 Emmanuel Akiika Othieno Vs Akisoferi Ogola
260
_c
2000
500
_a
CORAM: HON. G.M. OKELLO, J.A
999
_c
4521
_d
4521